Taylor Swift mystery lyrics #129 - Statistics

General Stats
  • This quiz has been taken 66 times
  • The average score is 90 of 143
Answer Stats
Answer % Correct
I
98%
you
98%
a
96%
It
92%
it
92%
the
92%
and
90%
be
90%
It's
88%
it's
88%
your
86%
Your
86%
But
84%
me
84%
in
82%
know
82%
of
82%
that
82%
I'm
80%
my
80%
so
80%
to
78%
can
76%
all
73%
don't
73%
Don't
73%
time
73%
been
69%
long
69%
like
67%
just
65%
down
63%
now
61%
with
61%
got
59%
out
59%
would
57%
over
55%
right
55%
Right
55%
feel
49%
life
47%
oh
47%
went
47%
Yes
47%
closure
45%
new
45%
some
45%
way
45%
name
43%
fine
41%
letter
41%
need
41%
wasn't
41%
better
39%
doing
39%
put
39%
bone
37%
cut
37%
deep
37%
still
37%
Looks
35%
nice
35%
pain
35%
seeing
35%
shape
33%
treat
33%
candles
31%
spells
31%
ya
31%
beers
29%
friends
29%
handled
29%
needs
29%
situation
29%
spite
29%
tears
29%
unnecessary
29%
wrinkle
29%
between
27%
Guilty
27%
guilty
27%
iron
27%
sea
27%
smoothing
24%
Staying
24%
across
20%
fake
18%
reaching
18%
No matching quizzes found
Score Distribution
Percent of People with Each Score
Percentile by Number Answered
Your Score History
You have not taken this quiz